Les aspirants au titre AEW World - Statistiques

Statistiques générales
  • Ce quiz a été pris 41 fois
  • Le résultat moyen est 47 sur 64
Statistiques - réponses
Event Champion Réponse % Correct
Revolution 2020 Chris Jericho Jon Moxley
100%
Revolution 2021 Kenny Omega Jon Moxley
100%
Dynamite 151 CM Punk Jon Moxley
100%
Dynamite 155 Vacant Jon Moxley
100%
Wrestledream 2024 Bryan Danielson Jon Moxley
100%
Dynamite 61 Jon Moxley Kenny Omega
100%
Collision 20 MJF Kenny Omega
100%
All Out 2019 Vacant Adam Page
97%
Full Gear 2021 Kenny Omega Adam Page
97%
Dynamite 159 Jon Moxley Adam Page
97%
Revolution 2024 Samoa Joe Adam Page
97%
All Out 2019 Vacant Chris Jericho
97%
All Out 2020 Jon Moxley MJF
97%
Full Gear 2022 Jon Moxley MJF
97%
Dynamite 115 Adam Page Bryan Danielson
94%
Dynamite 118 Adam Page Bryan Danielson
94%
Dynamite 155 Vacant Bryan Danielson
94%
Revolution 2023 MJF Bryan Danielson
94%
All In 2024 Swerve Strickland Bryan Danielson
94%
Dynamite 207 MJF Samoa Joe
94%
Worlds End 2023 MJF Samoa Joe
94%
Revolution 2024 Samoa Joe Swerve Strickland
94%
Dynasty Samoa Joe Swerve Strickland
94%
AEW/NJPW Forbidden door 2024 Swerve Strickland Will Ospreay
91%
Dynamite 3 Chris Jericho Darby Allin
85%
Dynamite 44 Jon Moxley Darby Allin
85%
Double or Nothing 2023 MJF Darby Allin
85%
Revolution 2022 Adam Page Adam Cole
82%
Rampage 36 Adam Page Adam Cole
82%
All In 2023 MJF Adam Cole
82%
Double or Nothing 2022 Adam Page CM Punk
82%
All Out 2022 Jon Moxley CM Punk
82%
Full Gear 2019 Chris Jericho Cody Rhodes
79%
Collision 3 MJF Ethan Page
79%
All Out 2021 Kenny Omega Christian Cage
76%
Double or Nothing 2024 Swerve Strickland Christian Cage
76%
Dynamite 90 Kenny Omega Jungle Boy
76%
Double or Nothing 2023 MJF Jack Perry
71%
All Out 2024 Bryan Danielson Jack Perry
71%
Dynamite 261 Bryan Danielson Kazuchika Okada
68%
Collision 43 Swerve Strickland Claudio Castagnoli
65%
Double or nothing 2021 Kenny Omega Orange Cassidy
62%
Dynamite 224 Samoa Joe Hook
59%
Full Gear 2023 MJF Jay White
59%
Double or Nothing 2023 MJF Sammy Guevara
59%
Double or Nothing 2020 Jon Moxley Brodie Lee
56%
Dynamite 41 Jon Moxley Brian Cage
53%
AEW/NJPW Forbidden door 2023 MJF Hiroshi Tanahashi
53%
Dynamite 66 Kenny Omega Rey Fenix
53%
Double or nothing 2021 Kenny Omega PAC
50%
Dynamite 244 Swerve Strickland Roderick Strong
50%
Dynamite 51 Jon Moxley Eddie Kingston
47%
Full Gear 2020 Jon Moxley Eddie Kingston
47%
Dynamite 160 Jon Moxley Penta El Zero Miedo
47%
Dynamite 232 Samoa Joe Wardlow
47%
Dynamite 167 MJF Ricky Starks
38%
Dynamite 214 MJF Daniel Garcia
35%
Dynamite 28 Jon Moxley Jake Hager
35%
Dynamite 54 Jon Moxley Lance Archer
35%
Dynamite 123 Adam Page Lance Archer
35%
Dynamite 9 Chris Jericho Scorpio Sky
29%
Impact Wrestling Rebellion 2021 Kenny Omega Rich Swann
26%
Dynamite 127 Adam Page Dante Martin
18%
Dynamite 52 Jon Moxley The Butcher
9%
Aucun quiz correspondant
Distribution des résultats
% des personnes avec chaque résultat
Percentile par nombre de réponses
Votre historique - résultats
Vous n’avez pas pris ce quiz